[Event "ICS rated blitz match"]
[Site "204.178.125.65"]
[Date "2000.12.14"]
[Round "?"]
[White "Hossa"]
[Black "kakerlak"]
[Result "1/2-1/2"]
[WhiteElo "2491"]
[BlackElo "2014"]
[PlyCount "537"]
[EventDate "2000.??.??"]

1. e4 e6 2. d4 d5 3. Nd2 Nc6 4. Ngf3 Nf6 5. e5 Nd7 6. Be2 b6 7. O-O Bb7 8. Nb3
a5 9. a4 h6 10. Bf4 g5 11. Be3 Be7 12. Rb1 Nf8 13. c3 Ng6 14. Bd3 Ba6 15. Bxa6
Rxa6 16. Ne1 Qd7 17. Qh5 Kd8 18. Nc1 Kc8 19. f4 Nd8 20. fxg5 hxg5 21. Qg4 Qxa4
22. Bxg5 Kb7 23. Bxe7 Nxe7 24. Qe2 Nf5 25. Ncd3 Nc6 26. Nf3 Nce7 27. b4 Qe8 28.
bxa5 Rxa5 29. Ra1 Qa8 30. Rxa5 Qxa5 31. Qb2 Ne3 32. Ra1 Nc4 33. Qc1 Qb5 34. Ng5
Rf8 35. Nh7 Ra8 36. Rxa8 Kxa8 37. Ng5 Qe8 38. Qa1+ Kb7 39. Nb4 Na5 40. Qf1 Nf5
41. g4 Ne3 42. Qxf7 Qxf7 43. Nxf7 Nxg4 44. Nd8+ Kc8 45. Nxe6 Kd7 46. Nf8+ Ke8
47. Nh7 c6 48. Nc2 c5 49. h3 cxd4 50. hxg4 dxc3 51. Nf6+ Kf7 52. Nxd5 Ke6 53.
Nxc3 Kxe5 54. Kh2 Kf4 55. Kh3 Nc4 56. Kh4 Ne5 57. Kh5 Nxg4 58. Ne2+ Kf3 59.
Ncd4+ Ke4 60. Kxg4 b5 61. Nb3 Kd3 62. Kf3 b4 63. Ned4 Kc4 64. Ke4 Kc3 65. Kd5
Kd3 66. Nc5+ Kc3 67. Na4+ Kd3 68. Nb3 Ke3 69. Nac5 Kf3 70. Nd3 Ke3 71. Ne5 Kf4
72. Nf7 Ke3 73. Kc4 Kf4 74. Nd6 Ke5 75. Kc5 Kf4 76. Kd4 Kg5 77. Ne4+ Kf4 78.
Nec5 Kf5 79. Nd3 Ke6 80. Kc4 Kd6 81. Ndc5 Kc6 82. Nd4+ Kd6 83. Ncb3 Ke5 84.
Nc6+ Kd6 85. Na7 Ke5 86. Nb5 Ke6 87. Kd4 Kf5 88. Kd5 Kf6 89. N5d4 Ke7 90. Nf5+
Kf6 91. Ne3 Ke7 92. Ng4 Kd7 93. Ne5+ Ke7 94. Nc6+ Kd7 95. Kc5 Kc7 96. Ne5 Kb7
97. Nf7 Kc7 98. Kc4 Kd7 99. Kd5 Ke7 100. Ne5 Kf6 101. Nc6 Kf5 102. Kd4 Ke6 103.
Kc5 Kf5 104. Kc4 Ke6 105. Nb8 Kd6 106. Na6 Kc6 107. Nac5 Kd6 108. Nd3 Kc6 109.
Kd4 Kd6 110. Nf4 Kc6 111. Ng6 Kd6 112. Nd2 b3 113. Nf4 b2 114. Nb1 Kc6 115. Nd5
Kd6 116. Ne3 Ke6 117. Nc4 Kf5 118. Ke3 Ke6 119. Ke4 Kf6 120. Ne3 Ke6 121. Nd1
Kd6 122. Kd4 Ke6 123. Ne3 Kd6 124. Kc3 Ke5 125. Nc2 Ke4 126. Kc4 Ke5 127. Ne3
Ke4 128. Nd1 Ke5 129. Kb3 Ke4 130. Kc3 Ke5 131. Kd2 Kd4 132. Kc2 Kc4 133. Nf2
Kd4 134. Nd3 Kc4 135. Ne5+ Kd4 136. Nf3+ Ke4 137. Ng5+ Kf5 138. Nh3 Kg4 139.
Ng1 Kg3 140. Ne2+ Kf2 141. Nd4 Ke3 142. Kc3 Ke4 143. Ne2 Ke3 144. Ng1 Kf2 145.
Nh3+ Kg3 146. Ng5 Kf4 147. Ne6+ Ke5 148. Nc5 Kd5 149. Nd3 Kd6 150. Kc4 Ke6 151.
Kd4 Kf5 152. Kd5 Kf6 153. Nf4 Kf5 154. Ne6 Kg4 155. Ke4 Kg3 156. Kd3 Kg4 157.
Nd4 Kf4 158. Nb3 Kf5 159. N3d2 Ke5 160. Kc4 Ke6 161. Kd4 Kf5 162. Nf3 Kf6 163.
Ne5 Ke6 164. Nc3 Kd6 165. Nc4+ Ke6 166. Nxb2 Kf5 167. Nd5 Ke6 168. Nd3 Kd6 169.
Ne5 Ke6 170. Ke4 Kd6 171. Nf6 Kc5 172. Nd5 Kd6 173. Nf6 Ke6 174. Nfd7 Kd6 175.
Kd4 Ke6 176. Kc4 Kd6 177. Kc3 Ke6 178. Kd4 Kd6 179. Nc5 Ke7 180. Kd5 Ke8 181.
Kd6 Kf8 182. Kd5 Kg8 183. Ne6 Kh8 184. Ke4 Kg8 185. Kd4 Kh8 186. Kd5 Kg8 187.
Ke4 Kh8 188. Kf5 Kg8 189. Kg6 Kh8 190. Kf6 Kg8 191. Nc5 Kh8 192. Nc6 Kg8 193.
Ke5 Kh8 194. Ne6 Kg8 195. Kd6 Kh8 196. Kc5 Kg8 197. Kc4 Kh8 198. Kd3 Kg8 199.
Ke3 Kh8 200. Kf3 Kg8 201. Nc5 Kh8 202. Ne5 Kg8 203. Kf4 Kh8 204. Ke3 Kg8 205.
Kf3 Kh8 206. Kf4 Kg8 207. Nc6 Kh8 208. Ke5 Kg8 209. Kf6 Kh8 210. Ne5 Kg8 211.
Kg6 Kh8 212. Ne6 Kg8 213. Nc6 Kh8 214. Kf5 Kg8 215. Kg5 Kh8 216. Kg4 Kg8 217.
Kf5 Kh8 218. Ke4 Kg8 219. Ne5 Kh8 220. Kf5 Kg8 221. Kg6 Kh8 222. Kf6 Kg8 223.
Nc5 Kh8 224. Nc6 Kg8 225. Ke5 Kh8 226. Ne6 Kg8 227. Kd6 Kh8 228. Kc5 Kg8 229.
Kc4 Kh8 230. Kd3 Kg8 231. Ke3 Kh8 232. Kf3 Kg8 233. Nc5 Kh8 234. Ne5 Kg8 235.
Kf4 Kh8 236. Ke3 Kg8 237. Kf3 Kh8 238. Kf4 Kg8 239. Nc6 Kh8 240. Ke5 Kg8 241.
Kf6 Kh8 242. Ne5 Kg8 243. Kg6 Kh8 244. Ne6 Kg8 245. Nc6 Kh8 246. Kf5 Kg8 247.
Kg5 Kh8 248. Kg4 Kg8 249. Kf5 Kh8 250. Ke4 Kg8 251. Ne5 Kh8 252. Kf5 Kg8 253.
Ke4 Kh8 254. Kf5 Kg8 255. Ke4 Kh8 256. Kd5 Kg8 257. Ke4 Kh8 258. Kd5 Kg8 259.
Ke4 Kh8 260. Kd5 Kg8 261. Ke4 Kh8 262. Kd5 Kg8 263. Ke4 Kh8 264. Kd5 Kg8 265.
Ke4 Kh8 266. Kd5 Kg8 267. Ke4 Kh8 268. Kd5 Kg8 269. Ke4 {
Game drawn by repetition} 1/2-1/2

[Event "ICS rated standard match"]
[Site "204.178.125.65"]
[Date "2000.12.14"]
[Round "?"]
[White "hymy"]
[Black "Hossa"]
[Result "0-1"]
[WhiteElo "2212"]
[BlackElo "2377"]
[PlyCount "46"]
[EventDate "2000.??.??"]

1. d4 Nf6 2. c4 e6 3. Nc3 Bb4 4. a3 Bxc3+ 5. bxc3 c5 6. e3 Qa5 7. Bb2 cxd4 8.
exd4 e5 9. Nf3 exd4 10. Nxd4 O-O 11. Be2 Ne4 12. f3 Nc5 13. O-O Na4 14. Qc2 Nc6
15. Rfb1 Nxb2 16. Rxb2 Qe5 17. Qd3 Re8 18. Nb5 b6 19. Rd1 Re6 20. Kh1 Rh6 21.
h3 Rg6 22. Qd5 Qf4 23. Rd3 Qc1+ {hymy resigns} 0-1

[Event "ICS rated blitz match"]
[Site "204.178.125.65"]
[Date "2000.12.14"]
[Round "?"]
[White "Mefisto5000"]
[Black "Hossa"]
[Result "0-1"]
[WhiteElo "2024"]
[BlackElo "2477"]
[PlyCount "56"]
[EventDate "2000.??.??"]

1. d4 Nf6 2. c4 e6 3. Nc3 Bb4 4. Qc2 O-O 5. a3 Bxc3+ 6. Qxc3 b6 7. Bg5 Bb7 8.
e3 d6 9. Nf3 h6 10. Bxf6 Qxf6 11. Be2 c5 12. Rc1 Qf5 13. dxc5 bxc5 14. b4 Nd7
15. O-O Nf6 16. Ra1 Bc6 17. b5 Be4 18. a4 Qh5 19. Rfe1 Qg4 20. h3 Qf5 21. Nd2
Rad8 22. Bf3 Bxf3 23. Nxf3 Ne4 24. Qc2 d5 25. Rad1 Rd6 26. cxd5 exd5 27. Re2
Qf6 28. Nd2 Nc3 {Mefisto5000 resigns} 0-1

[Event "ICS rated blitz match"]
[Site "204.178.125.65"]
[Date "2000.12.14"]
[Round "?"]
[White "Hossa"]
[Black "Mefisto5000"]
[Result "1-0"]
[WhiteElo "2479"]
[BlackElo "2022"]
[PlyCount "69"]
[EventDate "2000.??.??"]

1. e4 e6 2. d4 d5 3. Nd2 Nf6 4. e5 Nfd7 5. Bd3 b6 6. Ne2 Ba6 7. Bxa6 Nxa6 8.
Nf3 Be7 9. c3 c6 10. O-O Nc7 11. Be3 b5 12. Qc2 Nb6 13. b3 a5 14. Ng3 g6 15.
Bh6 Bf8 16. Bxf8 Rxf8 17. Qc1 Rh8 18. Qh6 Qe7 19. Rfb1 Kd7 20. Rc1 Qf8 21. Qf4
h6 22. Ne1 Qg7 23. Nd3 g5 24. Qf3 g4 25. Qe2 h5 26. Nc5+ Ke7 27. Nf1 Rag8 28.
b4 a4 29. Ne3 h4 30. f4 gxf3 31. Qxf3 Rh6 32. Rf1 Rg6 33. Rf2 Nd7 34. Nxd7 Kxd7
35. Qxf7+ {Mefisto5000 resigns} 1-0

[Event "ICS Rated standard match"]
[Site "204.178.125.65"]
[Date "2000.12.14"]
[Round "?"]
[White "Hossa"]
[Black "nitmo"]
[Result "1-0"]
[WhiteElo "2386"]
[BlackElo "1930"]
[PlyCount "97"]
[EventDate "2000.??.??"]

1. e4 e5 2. Bc4 Nf6 3. d3 Nc6 4. Nf3 Be7 5. O-O O-O 6. h3 d6 7. c3 Na5 8. Bb5
c6 9. Ba4 b5 10. Bc2 h6 11. b4 Nb7 12. a4 Bd7 13. axb5 cxb5 14. Ra6 Qc7 15. Be3
Nd8 16. Bb3 Ne6 17. Qe2 Rfb8 18. Qa2 Rb7 19. Nh4 Kh7 20. Nf5 Bf8 21. Qe2 g6 22.
Qf3 Ng5 23. Bxg5 hxg5 24. Nxd6 Bxd6 25. Qxf6 Be6 26. Bxe6 fxe6 27. Qxg5 Rb6 28.
Rxb6 axb6 29. Qh4+ Kg7 30. Qg4 Qf7 31. Nd2 Qf4 32. Qxe6 Qxd2 33. Qd7+ Kh6 34.
Qxd6 Qxc3 35. f4 Qd4+ 36. Qxd4 exd4 37. f5 Kg7 38. Rf4 Ra3 39. Rg4 Rxd3 40.
Rxg6+ Kf7 41. e5 Re3 42. e6+ Ke8 43. Kf2 Re5 44. g4 d3 45. Rg8+ Ke7 46. Rg7+
Ke8 47. Rd7 Re4 48. Kf3 Rxb4 49. f6 {nitmo resigns} 1-0

[Event "ICS Rated standard match"]
[Site "204.178.125.65"]
[Date "2000.12.14"]
[Round "?"]
[White "nitmo"]
[Black "Hossa"]
[Result "0-1"]
[WhiteElo "1928"]
[BlackElo "2388"]
[PlyCount "72"]
[EventDate "2000.??.??"]

1. e4 c5 2. Nf3 e6 3. d4 cxd4 4. Nxd4 Nf6 5. Nc3 d6 6. Bd3 a6 7. O-O Be7 8. Qe1
Nc6 9. Nxc6 bxc6 10. f4 O-O 11. Kh1 Rb8 12. f5 exf5 13. exf5 d5 14. Qg3 Bd6 15.
Qh4 Rb4 16. Bf4 Qc7 17. Ne2 Bxf4 18. Rxf4 Rxb2 19. g4 Qe5 20. g5 Ne4 21. Bxe4
dxe4 22. g6 fxg6 23. fxg6 hxg6 24. Rxf8+ Kxf8 25. Qh8+ Ke7 26. Qxc8 Rb8 27.
Qxc6 Qxa1+ 28. Kg2 Qe5 29. Qxa6 Qg5+ 30. Ng3 Qd2+ 31. Ne2 Qe3 32. Ng3 Qf3+ 33.
Kg1 Rb1+ 34. Nf1 e3 35. Qa3+ Kf7 36. Qd3 Qf2+ {nitmo resigns} 0-1

[Event "ICS rated blitz match"]
[Site "204.178.125.65"]
[Date "2000.12.14"]
[Round "?"]
[White "steve-wpb"]
[Black "Hossa"]
[Result "0-1"]
[WhiteElo "2092"]
[BlackElo "2481"]
[PlyCount "24"]
[EventDate "2000.??.??"]

1. e4 c5 2. Nf3 e6 3. d4 cxd4 4. Nxd4 Nf6 5. Bd3 Nc6 6. Nxc6 dxc6 7. O-O Bd6 8.
f4 Bc5+ 9. Kh1 Bd7 10. c4 h5 11. Nc3 Ng4 12. Qe2 Nxh2 {steve-wpb resigns} 0-1

[Event "ICS Rated standard match"]
[Site "204.178.125.65"]
[Date "2000.12.14"]
[Round "?"]
[White "BrazilianMaster"]
[Black "Hossa"]
[Result "1-0"]
[WhiteElo "2667"]
[BlackElo "2390"]
[PlyCount "129"]
[EventDate "2000.??.??"]

1. e4 c6 2. d3 d5 3. Nd2 dxe4 4. dxe4 e5 5. Ngf3 Nd7 6. Bc4 Be7 7. a4 Ngf6 8.
O-O O-O 9. Qe2 Qc7 10. a5 Nc5 11. b3 Ne6 12. Bb2 Nf4 13. Qe3 Ng6 14. Qc3 Bd6
15. Rfd1 h6 16. Ra2 Rd8 17. Ra4 Qe7 18. Bd3 Bg4 19. h3 Be6 20. Nc4 Bxc4 21.
Qxc4 Nf4 22. Raa1 Nh7 23. Bf1 Ng5 24. Nxg5 Qxg5 25. Qc3 Rac8 26. Qf3 Rd7 27. h4
Qxh4 28. g3 Qg5 29. Bxe5 Bxe5 30. Rxd7 Bxa1 31. Qxf4 Qxf4 32. gxf4 Bc3 33. Bc4
Rf8 34. Rxb7 Bxa5 35. Rxa7 Bd2 36. f5 Bf4 37. Kg2 Be5 38. Kh3 Bd4 39. Rc7 c5
40. f4 Be3 41. Kg4 Bd4 42. e5 Be3 43. e6 fxe6 44. fxe6 Rxf4+ 45. Kh3 Rxc4 46.
Rc8+ Kh7 47. bxc4 Bg5 48. Rxc5 Kg6 49. Re5 Be7 50. c5 Kf6 51. c6 Kxe5 52. c7
Kxe6 53. c8=Q+ Kf6 54. c4 g5 55. Qc6+ Kf5 56. Qd5+ Kf6 57. c5 h5 58. c6 g4+ 59.
Kg2 h4 60. c7 Kg6 61. c8=Q h3+ 62. Kh1 g3 63. Qdg8+ Kh5 64. Qh7+ Kg5 65. Qcf5#
{Hossa checkmated} 1-0

[Event "ICS rated blitz match"]
[Site "204.178.125.65"]
[Date "2000.12.14"]
[Round "?"]
[White "LrGenius"]
[Black "Hossa"]
[Result "0-1"]
[WhiteElo "2368"]
[BlackElo "2487"]
[PlyCount "44"]
[EventDate "2000.??.??"]

1. e4 c5 2. Nf3 e6 3. d4 cxd4 4. Nxd4 Nf6 5. Nc3 d6 6. Bc4 a6 7. Bb3 b5 8. O-O
Be7 9. Qf3 Qb6 10. Bg5 Qxd4 11. e5 d5 12. exf6 Bxf6 13. Be3 Qe5 14. Nxd5 exd5
15. Bxd5 Bg4 16. Qxg4 Qxd5 17. Bc5 Nc6 18. Rfe1+ Be5 19. Ba3 Qe6 20. Qxe6+ fxe6
21. f4 Bd4+ 22. Kf1 b4 {LrGenius resigns} 0-1

[Event "ICS rated blitz match"]
[Site "204.178.125.65"]
[Date "2000.12.14"]
[Round "?"]
[White "Hossa"]
[Black "LrGenius"]
[Result "1/2-1/2"]
[WhiteElo "2498"]
[BlackElo "2357"]
[PlyCount "121"]
[EventDate "2000.??.??"]

1. e4 e6 2. d4 d5 3. Nd2 Nc6 4. Ngf3 Nf6 5. e5 Nd7 6. Be2 f6 7. exf6 Qxf6 8.
Nb3 Bd6 9. O-O O-O 10. Be3 b6 11. Re1 Bb7 12. Rb1 e5 13. dxe5 Ncxe5 14. Ng5 c5
15. c3 Rae8 16. Qc2 Ng6 17. Bb5 Re7 18. Rbd1 a6 19. Bxd7 Rxd7 20. Rb1 h6 21.
Nf3 Rdf7 22. Rbd1 d4 23. Nbxd4 cxd4 24. Bxd4 Qf5 25. Qxf5 Rxf5 26. Bxb6 Bxf3
27. Rxd6 Rg5 28. g3 Nf4 29. Be3 Nh3+ 30. Kf1 Rgf5 31. Bxh6 gxh6 32. Rg6+ Kh7
33. Ree6 Rd5 34. Rxh6+ Kg7 35. Reg6+ Kf7 36. Rf6+ Ke7 37. Rxf3 Rxf3 38. Rxh3
Rd2 39. Rh7+ Kf6 40. Kg1 Rfxf2 41. Ra7 Rxb2 42. Rxa6+ Ke5 43. Ra5+ Ke4 44. a3
Rfc2 45. Ra4+ Ke3 46. Rf4 Rb1+ 47. Rf1 Rxf1+ 48. Kxf1 Rxc3 49. Kg2 Rxa3 50. h4
Ra2+ 51. Kh3 Kf3 52. h5 Rg2 53. Kh4 Rxg3 54. h6 Kf4 55. h7 Rg1 56. Kh5 Kf5 57.
Kh6 Rg6+ 58. Kh5 Rg1 59. Kh6 Rh1+ 60. Kg7 Rxh7+ 61. Kxh7 {
Game drawn because neither player has mating material} 1/2-1/2

[Event "ICS rated standard match"]
[Site "204.178.125.65"]
[Date "2000.12.14"]
[Round "?"]
[White "Hossa"]
[Black "BrazilianMaster"]
[Result "0-1"]
[WhiteElo "2385"]
[BlackElo "2678"]
[PlyCount "76"]
[EventDate "2000.??.??"]

1. e4 e5 2. Bc4 Nf6 3. d3 Nc6 4. Nf3 Bc5 5. c3 d6 6. h3 h6 7. O-O O-O 8. b4 Bb6
9. Be3 Bxe3 10. fxe3 a5 11. b5 Ne7 12. Na3 c6 13. bxc6 bxc6 14. Rb1 d5 15. Nxe5
Qd6 16. Nxc6 Qxc6 17. exd5 Nexd5 18. Qf3 Qc5 19. Nc2 Bd7 20. Nd4 Rae8 21. Qf2
Nxe3 22. Nc2 Qg5 23. h4 Qc5 24. Nxe3 Rxe3 25. d4 Qe7 26. Qd2 Bc6 27. Rb6 Ng4
28. Rf4 Re1+ 29. Bf1 Rd1 30. Rb2 Rxd2 31. Rxd2 Qe3+ 32. Rdf2 Nxf2 33. Rxf2 Rb8
34. a3 Rb2 35. Kh2 Qxf2 36. h5 Bxg2 37. Bb5 Bd5+ 38. Kh3 Be6# {Hossa checkmated
} 0-1

[Event "ICS rated standard match"]
[Site "204.178.125.65"]
[Date "2000.12.14"]
[Round "?"]
[White "BrazilianMaster"]
[Black "Hossa"]
[Result "1-0"]
[WhiteElo "2683"]
[BlackElo "2380"]
[PlyCount "81"]
[EventDate "2000.??.??"]

1. e4 c5 2. Nf3 e6 3. d4 cxd4 4. Nxd4 Nf6 5. Nc3 d6 6. g4 h6 7. Bg2 e5 8. Nf5
Nxg4 9. Qxg4 g6 10. Nd5 gxf5 11. exf5 Na6 12. Rg1 h5 13. Qg5 Qxg5 14. Bxg5 Bh6
15. Bh4 Kd7 16. Rd1 Rb8 17. Bf3 b6 18. Bf6 Rf8 19. Be2 b5 20. Nc3 Nb4 21. Bxe5
Rb6 22. Kf1 Ke7 23. f6+ Ke8 24. Rxd6 Bd7 25. Rxb6 axb6 26. Ke1 Nxc2+ 27. Kd1 b4
28. Nb5 b3 29. axb3 Nb4 30. Bd6 Nd5 31. Bc4 Be6 32. Ke2 Rh8 33. Ra1 Rh7 34.
Ra8+ Kd7 35. Ra7+ Kc6 36. Bb4 Nf4+ 37. Ke1 Bxc4 38. bxc4 Ne6 39. Re7 Bd2+ 40.
Kxd2 Nc7 41. Rxc7# {Hossa checkmated} 1-0

[Event "ICS rated blitz match"]
[Site "204.178.125.65"]
[Date "2000.12.14"]
[Round "?"]
[White "TimM"]
[Black "Hossa"]
[Result "1/2-1/2"]
[WhiteElo "1982"]
[BlackElo "2492"]
[PlyCount "68"]
[EventDate "2000.??.??"]

1. e4 c5 2. Nf3 e6 3. d4 cxd4 4. Nxd4 Nf6 5. Nc3 d6 6. Bc4 a6 7. Bb3 b5 8. O-O
Be7 9. Qf3 Qb6 10. Be3 Qb7 11. Qg3 b4 12. Nce2 Qxe4 13. c3 bxc3 14. Nxc3 Qg4
15. Rac1 Qxg3 16. hxg3 Bd7 17. Na4 Bd8 18. Nf3 Ng4 19. Bb6 Nc6 20. Rfd1 Bxb6
21. Nxb6 Rb8 22. Nxd7 Kxd7 23. Ba4 Rhc8 24. Nd4 Nge5 25. f4 Rb4 26. b3 Rxa4 27.
bxa4 Ng4 28. Nxc6 Rxc6 29. Rxc6 Kxc6 30. Rc1+ Kb6 31. Rb1+ Kc7 32. Rc1+ Kb7 33.
Rb1+ Kc7 34. Rc1+ Kb7 {Game drawn by mutual agreement} 1/2-1/2

[Event "ICS rated blitz match"]
[Site "204.178.125.65"]
[Date "2000.12.14"]
[Round "?"]
[White "Hossa"]
[Black "TimM"]
[Result "1-0"]
[WhiteElo "2478"]
[BlackElo "1963"]
[PlyCount "37"]
[EventDate "2000.??.??"]

1. e4 c5 2. Nf3 d6 3. Bb5+ Bd7 4. Bxd7+ Nxd7 5. O-O Ngf6 6. Nc3 g6 7. d4 cxd4
8. Qxd4 Bg7 9. e5 Nxe5 10. Nxe5 dxe5 11. Qxe5 O-O 12. Rd1 Qb8 13. Qxe7 Re8 14.
Qb4 Qe5 15. h3 b6 16. Be3 Rad8 17. Qa4 Nd5 18. Rxd5 Rxd5 19. Nxd5 {TimM resigns
} 1-0

[Event "ICS rated blitz match"]
[Site "204.178.125.65"]
[Date "2000.12.14"]
[Round "?"]
[White "TimM"]
[Black "Hossa"]
[Result "0-1"]
[WhiteElo "1961"]
[BlackElo "2480"]
[PlyCount "78"]
[EventDate "2000.??.??"]

1. e4 c5 2. Nf3 e6 3. d4 cxd4 4. Nxd4 a6 5. Bd3 Nf6 6. O-O d6 7. Nc3 Be7 8. Kh1
O-O 9. f4 Nbd7 10. Nf3 Qc7 11. Qe1 Nc5 12. e5 Nxd3 13. cxd3 Nd7 14. d4 Nb6 15.
Qg3 Nc4 16. Nd2 Nxd2 17. Bxd2 Rd8 18. Be3 b6 19. Rac1 Qb7 20. Rfd1 f6 21. Qf2
Bd7 22. d5 fxe5 23. fxe5 dxe5 24. Bxb6 Rf8 25. Qe3 Rab8 26. Bc5 Bxc5 27. Qxc5
Rbe8 28. Ne4 Rc8 29. dxe6 Qxe4 30. exd7 Rxc5 31. Rxc5 Rd8 32. Rc8 Qh4 33. Rxd8+
Qxd8 34. b4 Kf7 35. a4 e4 36. b5 e3 37. Rf1+ Kg6 38. Kg1 e2 39. Re1 Qb6+ {
TimM resigns} 0-1

[Event "ICS rated blitz match"]
[Site "204.178.125.65"]
[Date "2000.12.14"]
[Round "?"]
[White "Hossa"]
[Black "TimM"]
[Result "1/2-1/2"]
[WhiteElo "2482"]
[BlackElo "1959"]
[PlyCount "123"]
[EventDate "2000.??.??"]

1. e4 c5 2. Nf3 d6 3. Bb5+ Bd7 4. Bxd7+ Nxd7 5. O-O Ngf6 6. Nc3 g6 7. d4 cxd4
8. Qxd4 Bg7 9. Bg5 O-O 10. e5 dxe5 11. Nxe5 Nxe5 12. Qxe5 h6 13. Rfd1 Qb8 14.
Bxf6 Qxe5 15. Bxe5 Bxe5 16. Rd7 Bxc3 17. bxc3 Rfc8 18. Rxb7 Rxc3 19. Rc1 e6 20.
f3 a5 21. Kf2 Rac8 22. Rb2 a4 23. Kg3 Kf8 24. h3 R8c4 25. Rb8+ Ke7 26. Rb2 Kf6
27. h4 g5 28. hxg5+ hxg5 29. Kh2 Kg6 30. Kg1 f5 31. Re1 Rc6 32. Kh2 Kf6 33. Re2
f4 34. Rb4 a3 35. Rb3 e5 36. Rxc3 Rxc3 37. Kg1 Kf5 38. Kf1 g4 39. Kf2 gxf3 40.
gxf3 Rc6 41. Rd2 Rc3 42. Kg2 e4 43. Rd5+ Ke6 44. fxe4 Rxc2+ 45. Kf3 Rxa2 46.
Rd1 Rb2 47. Kxf4 a2 48. Ra1 Rf2+ 49. Ke3 Rb2 50. Kd4 Rb4+ 51. Kd3 Ra4 52. Ke3
Ke5 53. Ke2 Kxe4 54. Kd2 Kd4 55. Kc2 Kc4 56. Kb2 Rb4+ 57. Ka3 Rb8 58. Rc1+ Kd3
59. Rf1 Ra8+ 60. Kb2 a1=Q+ 61. Rxa1 Rxa1 62. Kxa1 {
Game drawn because neither player has mating material} 1/2-1/2

[Event "ICS rated bullet match"]
[Site "204.178.125.65"]
[Date "2000.12.14"]
[Round "?"]
[White "Hossa"]
[Black "duendecilla"]
[Result "1-0"]
[WhiteElo "2580"]
[BlackElo "2302"]
[PlyCount "125"]
[EventDate "2000.??.??"]

1. c4 e5 2. Nc3 Nc6 3. d3 Bc5 4. Nf3 Nf6 5. Nxe5 Bxf2+ 6. Kxf2 Nxe5 7. e4 c5 8.
Be2 d6 9. Rf1 h6 10. Kg1 O-O 11. Bf4 Be6 12. Nd5 Bxd5 13. Bxe5 dxe5 14. exd5
Ne8 15. Bg4 Nd6 16. Qe2 Qe7 17. Rae1 Rae8 18. Qf2 b6 19. Re3 g6 20. Bh3 f5 21.
Rg3 Kh7 22. Re1 e4 23. dxe4 Nxe4 24. Rge3 Qf6 25. Qc2 Qd4 26. Qd3 Qxd3 27. Rxd3
Nd6 28. Rde3 Rxe3 29. Rxe3 Re8 30. Rxe8 Nxe8 31. g3 Nd6 32. Bf1 Kg7 33. Bd3 Kf6
34. Kf2 Ke5 35. Ke3 g5 36. a4 f4+ 37. Kf3 fxg3 38. Kxg3 h5 39. Kf3 Kd4 40. Be2
a6 41. Kg2 Ke5 42. h3 Kd4 43. Kf2 Ne4+ 44. Ke1 Nd6 45. Kf1 Ke3 46. b3 Kf4 47.
Bxh5 g4 48. Bxg4 Ne4 49. Ke1 Nd6 50. Bd7 Ke3 51. Be6 b5 52. cxb5 axb5 53. a5 c4
54. bxc4 bxc4 55. a6 Nb5 56. d6 Na7 57. d7 Nc6 58. a7 c3 59. a8=Q c2 60. Qxc6
c1=Q+ 61. Qxc1+ Kd4 62. d8=Q+ Ke5 63. Qe3# {duendecilla checkmated} 1-0

[Event "ICS rated blitz match"]
[Site "204.178.125.65"]
[Date "2000.12.14"]
[Round "?"]
[White "DM7"]
[Black "Hossa"]
[Result "1/2-1/2"]
[WhiteElo "2564"]
[BlackElo "2468"]
[PlyCount "131"]
[EventDate "2000.??.??"]

1. e4 c5 2. Nf3 e6 3. c3 d5 4. exd5 exd5 5. d4 Nc6 6. Bb5 a6 7. Bxc6+ bxc6 8.
O-O Bd6 9. dxc5 Bxc5 10. Nbd2 Ne7 11. Nb3 Bd6 12. c4 O-O 13. c5 Bc7 14. Nbd4
Re8 15. Re1 Bg4 16. Bd2 Qd7 17. Qa4 f6 18. Re3 Rab8 19. Bc3 a5 20. Rae1 Bxf3
21. Nxf3 Rb5 22. Qa3 Rbb8 23. Bxa5 Bxa5 24. Qxa5 Rxb2 25. Nd4 Rbb8 26. Qa6 Ra8
27. Qe2 Ra4 28. Qd3 Raa8 29. R1e2 Kh8 30. h3 Kg8 31. a3 Kh8 32. Re6 Ng6 33. Rd6
Qa7 34. Rxe8+ Rxe8 35. Qc3 Qa4 36. Nxc6 Nf4 37. Qe3 Ra8 38. Kh2 Qe4 39. Qxe4
dxe4 40. Nd4 h5 41. c6 Rc8 42. Nb5 Kh7 43. c7 Nd3 44. Kg1 g5 45. Rd7+ Kh6 46.
Nd6 Ne5 47. Re7 Rxc7 48. Rxc7 Kg6 49. Nxe4 Kf5 50. Ng3+ Kg6 51. a4 Nd3 52. a5
Nb4 53. Rb7 Na6 54. Rb6 Nc7 55. Rc6 Nb5 56. Nxh5 Kh7 57. Nxf6+ Kg7 58. Ne4 g4
59. a6 Kf8 60. Nd6 Na7 61. Rc7 Nc6 62. Rxc6 Ke7 63. a7 g3 64. Nf5+ Kd7 65. a8=Q
gxf2+ 66. Kxf2 {Hossa stalemated} 1/2-1/2

[Event "ICS rated blitz match"]
[Site "204.178.125.65"]
[Date "2000.12.14"]
[Round "?"]
[White "Hossa"]
[Black "QuarkX"]
[Result "1-0"]
[WhiteElo "2472"]
[BlackElo "2499"]
[PlyCount "99"]
[EventDate "2000.??.??"]

1. e4 e5 2. Bc4 Nc6 3. Nf3 Bc5 4. d3 d6 5. O-O Nf6 6. Be3 Bxe3 7. fxe3 Na5 8.
Bb5+ c6 9. Ba4 b5 10. Bb3 Nxb3 11. axb3 Qb6 12. Qe2 O-O 13. c4 Bd7 14. Nc3 Qc5
15. d4 exd4 16. exd4 Qb6 17. cxb5 c5 18. Ra6 Qc7 19. e5 dxe5 20. Qxe5 Qxe5 21.
dxe5 Ng4 22. Rfa1 Rac8 23. Rxa7 Be6 24. Re1 Bxb3 25. h3 Nh6 26. Nd2 Be6 27. g4
Rfd8 28. Nde4 Rd3 29. b6 Nxg4 30. hxg4 Bxg4 31. b7 Re8 32. Nf2 Rdd8 33. Nxg4 h5
34. Nf2 Rb8 35. Nfe4 c4 36. Nd5 Rf8 37. Ne7+ Kh7 38. Nc6 Kg6 39. Nxb8 Rxb8 40.
Nc5 Kh6 41. Na6 Rxb7 42. Rxb7 Kg6 43. Nc5 h4 44. Na6 h3 45. Kh2 Kh5 46. Rxf7 c3
47. Rxg7 cxb2 48. Re3 Kh6 49. Rg1 Kh5 50. Rxh3# {QuarkX checkmated} 1-0

[Event "ICS rated standard match"]
[Site "204.178.125.65"]
[Date "2000.12.14"]
[Round "?"]
[White "Hossa"]
[Black "diep"]
[Result "1-0"]
[WhiteElo "2375"]
[BlackElo "2499"]
[PlyCount "189"]
[EventDate "2000.??.??"]

1. e4 c5 2. Nf3 d6 3. Bb5+ Bd7 4. Bxd7+ Qxd7 5. c4 Nc6 6. d4 cxd4 7. Nxd4 Nf6
8. Nc3 Qg4 9. Qxg4 Nxg4 10. Nxc6 bxc6 11. Bf4 g6 12. h3 Bh6 13. Bxh6 Nxh6 14.
O-O-O Rb8 15. Rd2 f5 16. Re1 Nf7 17. f4 Rg8 18. b3 h5 19. e5 dxe5 20. fxe5 e6
21. Red1 g5 22. Na4 Rb7 23. Nc5 Re7 24. Nd7 Rg6 25. Kb2 h4 26. a4 g4 27. hxg4
fxg4 28. Rd4 Nh6 29. Nf6+ Kf7 30. Rf4 Kg7 31. Rh1 Rg5 32. Rxh4 Rxe5 33. Nxg4
Re2+ 34. Kc3 Nf5 35. Rh2 Rb7 36. b4 c5 37. b5 Rb8 38. Rf3 Rd8 39. Nf2 Rd4 40.
a5 Ra2 41. Rhh3 Ra3+ 42. Kb2 Rxa5 43. Kb3 Rd2 44. Rfg3+ Nxg3 45. Rxg3+ Kf7 46.
Ne4 Re2 47. Nxc5 Raa2 48. Rh3 Reb2+ 49. Kc3 Rxg2 50. Rh7+ Kg6 51. Re7 Rg3+ 52.
Kb4 Rb2+ 53. Ka4 Rb1 54. Rxe6+ Kf5 55. Re4 Rg2 56. Ka3 Rc2 57. Rd4 Ke5 58. Re4+
Kf6 59. Rf4+ Ke7 60. Rd4 Rc3+ 61. Ka4 Rcc1 62. Ka5 Rc2 63. Ka6 Ra1+ 64. Kb7 Kf6
65. Na6 Ke5 66. Rh4 Kf5 67. Kxa7 Kg5 68. Rd4 Kf5 69. Kb6 Ke5 70. Kc5 Rb2 71.
Nb4 Ke6 72. Nd3 Rb3 73. Kc6 Kf5 74. b6 Rc3 75. b7 Rb1 76. Nc5 Ra3 77. Rd5+ Kg4
78. Rd3 Rxb7 79. Rxa3 Rb2 80. Kd5 Rd2+ 81. Rd3 Rh2 82. Nd7 Kf4 83. c5 Re2 84.
c6 Rc2 85. Nc5 Ra2 86. c7 Ra8 87. Rb3 Kg5 88. Rb8 Ra2 89. Ke5 Ra3 90. Rg8+ Kh6
91. c8=Q Re3+ 92. Ne4 Rxe4+ 93. Kxe4 Kh7 94. Rg4 Kh6 95. Qh8# {diep checkmated}
1-0

[Event "ICS rated standard match"]
[Site "204.178.125.65"]
[Date "2000.12.14"]
[Round "?"]
[White "diep"]
[Black "Hossa"]
[Result "1-0"]
[WhiteElo "2478"]
[BlackElo "2396"]
[PlyCount "131"]
[EventDate "2000.??.??"]

1. c4 Nf6 2. Nc3 e6 3. e4 c5 4. e5 Ng8 5. Nf3 Nc6 6. d4 cxd4 7. Nxd4 Nxe5 8.
Ndb5 a6 9. Nd6+ Bxd6 10. Qxd6 f6 11. Be3 Ne7 12. Bb6 Nf5 13. Qc5 d6 14. Qa5 Qd7
15. f4 Nc6 16. Qa3 O-O 17. O-O-O Nce7 18. Bc5 Ng6 19. Bxd6 Nxd6 20. Rxd6 Qc7
21. g3 b5 22. cxb5 Qb7 23. Rg1 axb5 24. Qb4 Qa7 25. Rg2 Bb7 26. Rgd2 Rac8 27.
Bh3 Bd5 28. R6xd5 exd5 29. Bxc8 Rxc8 30. Qd6 Ne7 31. Rxd5 Qe3+ 32. Rd2 Qe4 33.
Rd4 Qe3+ 34. Kb1 Kf7 35. Rd1 Qf2 36. Ka1 Ra8 37. Nxb5 Qe2 38. Qd3 Qe6 39. a3
Rb8 40. Nd6+ Kf8 41. Qc4 Qxc4 42. Nxc4 h5 43. Ka2 h4 44. b4 hxg3 45. hxg3 Nf5
46. g4 Ng3 47. Kb3 Ne4 48. a4 Nf2 49. Rd7 Nxg4 50. b5 Nf2 51. b6 Ne4 52. Kb4 f5
53. a5 Ke8 54. Rd4 Ra8 55. a6 Rxa6 56. b7 Ra4+ 57. Kb5 Nc3+ 58. Kc5 Kf7 59.
Ne5+ Ke7 60. Rxa4 Nxa4+ 61. Kc6 Nc3 62. b8=Q Nb5 63. Qb7+ Nc7 64. Qxc7+ Ke8 65.
Qf7+ Kd8 66. Qd7# {Hossa checkmated} 1-0